000 00696nam a2200289Ia 4500
005 20260324131210.0
008 008 260324s9999 xx 000 0 eng d
020 _a9780203358641
037 _aEBOOK
040 _aCRL
040 _beng
040 _cCRL
041 _2eng
041 _aeng
084 _qCRL
100 _aAndrew Dainty; David Moore; Michael Murray
_91184593
245 0 _aCommunication in Construction
245 0 _bTheory and Practice
260 _bTaylor and Francis
260 _c2006
365 _a
365 _b320
856 _uhttp://www.taylorfrancis.com/books/9780203358641
942 _cEBOOK
999 _c1781536
_d1781536